From followers to leaders (Record no. 1228)

000 -LEADER
fixed length control field 00847nam a22002534a 4500
001 - CONTROL NUMBER
control field 1228
003 - CONTROL NUMBER IDENTIFIER
control field BD-DhUET
008 - FIXED-LENGTH DATA ELEMENTS--GENERAL INFORMATION
fixed length control field 010918s2002 enka b 001 0 eng
020 ## - INTERNATIONAL STANDARD BOOK NUMBER
International Standard Book Number 9780415251761
040 ## - CATALOGING SOURCE
Original cataloging agency DLC
Transcribing agency DLC
Modifying agency BD-DhUET
082 00 - DEWEY DECIMAL CLASSIFICATION NUMBER
Classification number 658.5
Item number FOR/2002
100 ## - MAIN ENTRY--PERSONAL NAME
Personal name Forbes, Naushad
245 10 - TITLE STATEMENT
Title From followers to leaders
Remainder of title managing technology and innovation in newly industrialized countries
250 ## - EDITION STATEMENT
Edition statement 1st ed.
260 ## - PUBLICATION, DISTRIBUTION, ETC. (IMPRINT)
Place of publication, distribution, etc. London
Name of publisher, distributor, etc. Routledge
Date of publication, distribution, etc. 2002
300 ## - PHYSICAL DESCRIPTION
Extent xiv, 214p.
Other physical details ill.
Dimensions 26 cm.
504 ## - BIBLIOGRAPHY, ETC. NOTE
Bibliography, etc Includes bibliographies
650 #0 - SUBJECT ADDED ENTRY--TOPICAL TERM
Topical term or geographic name as entry element Technology-Management
700 ## - ADDED ENTRY--PERSONAL NAME
Personal name Wield, David
856 41 - ELECTRONIC LOCATION AND ACCESS
Uniform Resource Identifier http://www.loc.gov/catdir/toc/fy041/2001048586.html
856 42 - ELECTRONIC LOCATION AND ACCESS
Uniform Resource Identifier http://www.loc.gov/catdir/enhancements/fy0650/2001048586-d.html
856 42 - ELECTRONIC LOCATION AND ACCESS
Uniform Resource Identifier http://www.loc.gov/catdir/enhancements/fy1102/2001048586-b.html
942 ## - ADDED ENTRY ELEMENTS (KOHA)
Koha item type General Book
Holdings
Koha out on loan Koha issues (times borrowed) Sublocation or collection (holding branch) Copy number Lost status Location (home branch) Koha date last seen Source of classification or shelving scheme Koha normalized classification for sorting Damaged status Shelving location Not for loan Koha full call number Date acquired Koha item type Piece designation (barcode) Withdrawn status Koha renewals Koha date last borrowed Price effective from
  Central Library, BUET1 Central Library, BUET2014-09-01 658_000000000000000_5FOR2002 Circulation section 658.5/FOR/20022014-09-01General Book107279   2014-09-01
2025-11-301Central Library, BUET2 Central Library, BUET2016-04-06 658_500000000000000_FOR_2002 Circulation section 658.5/FOR/20022015-09-29General Book113611 12016-04-062015-09-29
  Central Library, BUET3 Central Library, BUET2017-05-15 658_500000000000000_FOR_2002 Circulation section 658.5/FOR/20022009-07-29General Book107278   2017-05-15
  Central Library, BUET4 Central Library, BUET2017-09-13 658_500000000000000_FOR_2002 Circulation section 658.5/FOR/20022017-06-19General Book115365   2017-09-13
2025-11-301Central Library, BUET5 Central Library, BUET2017-10-29 658_500000000000000_FOR_2002 Circulation section 658.5/FOR/20022017-06-19General Book115366 12017-10-292017-09-13